General Knowledge - Very Difficult IV - Statistics

General Stats
  • This quiz has been taken 21 times
  • The average score is 6 of 29
Answer Stats
Hint Answer % Correct
What is 6 in Roman numerals? VI
100%
Palermo is the largest city of what Mediterranean island? Sicily
94%
8 ÷ 2 × 9 - 5 + 12 43
82%
A pickled cabbage dish eaten in Korea Kimchi
82%
Anna ____, a 1878 Novel by Leo Tolstoy Karenina
65%
Before becoming the President of Syria, Assad lived in London, married an English-Syrian woman ophthalmologist and was a , an ___ doctor. eye
47%
Swashbuckler is a term that dates back to the 16th century. It is a compound of two words. Firstly, of "swash" (archaic: to swagger with a drawn sword) and "buckler" (a small ____). shield
35%
Assad was not even suppose to become the leader of Syria, he only became a contendor for becoming the President after his brother Bassel died in a ____ in 1995. car crash
29%
The Moon is Earth's only natural satellite. It orbits at an average distance of 384,400 km (238,900 mi), about __ times the diameter of Earth. 30
24%
In Iran, there have been two supreme leaders, or Ayatollahs since the 1979 revolution. They are Ruhollah Khomeini, who ruled from 1979 until his death in 1989 and Ali _____ who has ruled since. Khamenei
18%
A predominantly East Slavic Eastern Christian people originating in the Pontic–Caspian steppe of eastern Ukraine and southern Russia Cossacks
12%
A compound that comes from three amino acids. This is found mostly in your body's muscles as well as in the brain. Most people get this through consumption of seafood and red meat, though at levels far below those found in synthetically made in supplements. Creatine
12%
A Korean sugar based candy made popular by the Netflix show Squid Game Dalgona
6%
The period in Japan that lasted about 14,000 years, from around 11,000 BC to 300 BC. The ____ people lived in small communities and made pottery, bows and arrows, and fishing tools. Jomon
6%
Syrian Kurdistan or Western Kurdistan (______ Kurdistanê) refers to the Kurdish-populated part of North-East Syria. Rojava
6%
A zone of energetic charged particles, most of which originate from the solar wind, that are captured by and held around our planet by our planet's magnetosphere _________ radiation belt. Van Allen
6%
The period in Japan that lasted from around 552 AD to 710 AD. The _____ people improved their pottery, developed iron working, and began cultivating rice. Yamato
6%
The period in Japan that lasted from around 300 BC until 250 AD. The ____ people developed new pottery styles, improved carpentry and architecture, and began growing rice in paddy fields. Yayoi
6%
Turkish Kurdistan or Northern Kurdistan (______ Kurdistanê) refers to the Kurdish-populated part of North-East Turkey. Bakure
0%
Iraqi Kurdistan or Southern Kurdistan (____ Kurdistanê) refers to the Kurdish-populated part of northern Iraq. Basure
0%
In planetary science, planetary ________ is the process by which the chemical elements of a planetary body accumulate in different areas of that body, due to their physical or chemical behavior (e.g. density and chemical affinities). differentiation
0%
Bashar Assad came into power in 2000 and was overthrown in December 2023. He came to power after the death of his father ___ Assad, who himself had come to power in 1971. Hafez
0%
The period in Japan that lasted from around 300 AD to 552 AD. The ____ period is known for the keyhole-shaped burial mounds, or kofun, built for the ruling class. Kofun
0%
The lunar surface is covered in lunar dust and marked by mountains, impact craters, their ejecta, ray-like streaks, rilles and, mostly on the near side of the Moon, by dark _____ ("seas"), which are plains of cooled lava. maria
0%
Haji ____, a lesser known novella written by Leo Tolstoy from 1896 to 1904 and published posthumously in 1912. Murad
0%
A chemical element; it has symbol K and atomic number 19. Potassian
0%
Iranian Kurdistan or Eastern Kurdistan (______ Kurdistanê) refers to the Kurdish-populated part of northwestern Iran. Rojhilate
0%
The notion that the Earth revolves around the Sun had been proposed as early as the 3rd century BC by Aristarchus of _____ Samos
0%
Ayatollah is an honorific title for high-ranking _____Shia clergy. Twelver
0%
No matching quizzes found
Score Distribution
Percent of People with Each Score
Percentile by Number Answered
Your Score History
You have not taken this quiz